[Ginés Liébana (Record no. 183718)

MARC details
000 -LEADER
campo de control de longitud fija 00950nam a2200241 i 4500
001 - NÚMERO DE CONTROL
campo de control 183718
003 - IDENTIFICADOR DE NÚMERO DE CONTROL
campo de control ES-MaACL
005 - FECHA Y HORA DE LA ÚLTIMA TRANSACCIÓN
campo de control 20250622051331.0
008 - DATOS DE LONGITUD FIJA--INFORMACIÓN GENERAL
campo de control de longitud fija 141002s1996 sp |||| | spa d
080 ## - NÚMERO DE LA CLASIFICACIÓN DECIMAL UNIVERSAL
Número de la Clasificación Decimal Universal 75 Liébana, Ginés (083.824)
100 1# - ENTRADA PRINCIPAL--NOMBRE DE PERSONA
Nombre de persona Liébana, Ginés,
Fechas asociadas al nombre 1921-2022
9 (RLIN) 72224
245 11 - MENCIÓN DEL TÍTULO
Título [Ginés Liébana
Resto del título : Ateneo de Madrid, 1996].
260 ## - PUBLICACIÓN, DISTRIBUCIÓN, ETC.
Lugar de publicación, distribución, etc. Madrid :
Nombre del editor, distribuidor, etc. Ateneo de Madrid,
Fecha de publicación, distribución, etc. 1996.
300 ## - DESCRIPCIÓN FÍSICA
Extensión [8] p. :
Otras características físicas il. col. ;
Dimensiones 22 cm.
585 ## - NOTA DE EXPOSICIONES
Nota de exposiciones Publ. con motivo de la exposición de Ginés Liébana en la Sala Santa Catalina del Ateneo de Madrid, 14 de marzo al 14 de abril de 1996.
600 17 - PUNTO DE ACCESO ADICIONAL DE MATERIA--NOMBRE DE PERSONA
Nombre de persona Liébana, Ginés,
Fechas asociadas al nombre 1921-2022
Subdivisión de forma Exposiciones
Fuente del encabezamiento o término
9 (RLIN) 155645
610 04 - PUNTO DE ACCESO ADICIONAL DE MATERIA--NOMBRE DE ENTIDAD CORPORATIVA
Nombre de entidad corporativa o nombre de jurisdicción como elemento de entrada Ateneo de Madrid-
Subdivisión de forma Exposiciones-
Subdivisión cronológica 1991-2000
9 (RLIN) 1923
655 #7 - TERMINO DE INDIZACIÓN--GENERO/FORMA
Fuente del término tgfbne
9 (RLIN) 193628
Datos o término principal de género/forma Catálogos de exposiciones
710 2# - ENTRADA AGREGADA--NOMBRE DE ENTIDAD CORPORATIVA
Nombre de entidad corporativa o nombre de jurisdicción como elemento de entrada Ateneo de Madrid.
Unidad subordinada Sala de Santa Catalina.
9 (RLIN) 1964
852 ## - LOCALIZACIÓN
Ubicación ES-MaACL
Número de control de estantería 1496-F-6.
942 ## - ELEMENTOS DE ENTRADA SECUNDARIOS (KOHA)
Fuente del sistema de clasificación o colocación Clasificación decimal universal
Holdings
Estatus retirado Estado de pérdida Fuente del sistema de clasificación o colocación Estado de daño No para préstamo Colección Biblioteca de origen Biblioteca actual Ubicación en estantería Fecha de adquisición Total de préstamos Signatura topográfica completa Código de barras Visto por última vez Precio de reemplazo Tipo de ítem Koha
    Clasificación decimal universal     Colección de folletos Biblioteca del Ateneo de Madrid Biblioteca del Ateneo de Madrid Depósito folletos 02/10/2014   1496-F-6 1193150 23/02/2023 23/02/2023 Folleto